|
|
|
|
| LEADER |
00000nab a2200000 a 4500 |
| 001 |
vtls000068813 |
| 003 |
SK-MaSNL |
| 005 |
20260304213707.0 |
| 008 |
111103c1980 xo 0 slo |
| 015 |
|
|
|a SNBRB19rr/mm-uuuuu
|
| 035 |
|
|
|a CL0078913
|
| 040 |
|
|
|a SNKBUCL
|b slo
|c SNKBUCL
|e AACR2
|
| 041 |
0 |
|
|a slo
|
| 044 |
|
|
|a xo
|c SK
|
| 080 |
|
|
|a 71
|2 1981
|
| 080 |
|
|
|a 621.31
|2 1981
|
| 080 |
|
|
|a 621.039
|2 1981
|
| 100 |
1 |
|
|a Kovalčík, Jozef
|4 aut
|9 483512
|
| 245 |
1 |
0 |
|a Výber lokality pre jadrovú elektráreň na severnom Slovensku
|c Jozef Kovalčík
|
| 300 |
|
|
|b Mapa 1.
|
| 650 |
0 |
7 |
|a jadrové elektrárne
|2 snkbucl
|9 15295
|
| 650 |
0 |
7 |
|a územné plánovanie
|2 snkbucl
|9 2641
|
| 655 |
|
7 |
|a články z novín a časopisov
|2 snkbucl
|9 267496
|
| 773 |
0 |
|
|t Technické noviny
|g Roč. 28, č. 39 (1980), s. 1. a 5
|
| 850 |
|
|
|a Slovenská národná knižnica v Martine
|a MTA001
|
| 852 |
|
|
|a SNK
|b KIS3GCP
|
| 958 |
|
|
|a RK
|
| 992 |
|
|
|a RBX
|
| 999 |
|
|
|c 3137125
|d 3139055
|